000 00798nam a2200277 a 4500
001 591
003 BD-RjUL
005 20211208233214.0
008 150211s2011 ii || b 001 0 eng
020 _a9788184950991
035 _a(BD-RjUL)
040 _aDLC
_cDLC
_dDLC
_dBD-RjUL
_beng
041 _aeng
082 0 0 _a658.155
_bBAR 2011
_220
100 _aBasu, D.
_9116087
245 1 0 _aRisk management :
_bContemporary Trends and Practices /
_cD. Basu & D. K. Sinha.
260 _aDelhi :
_bJaico Publishing House,
_c2011.
300 _ax,148 p. ;
_c26 cm.
504 _aIncludes bibliography and index.
650 _a Risk management.
_9115587
650 _aRisk perception.
_9116088
650 _aRisk.
_9116089
700 _aSinha, D. K.
_9116090
942 _2ddc
_cBK
999 _c591
_d591